000 00673 a2200181 4500
999 _c8300
_d8300
020 _a9780807858677
050 0 0 _aSB 482 TIL 2008
100 1 _aTilden, Freeman,
_eauthor
245 1 0 _aInterpreting our heritage /
_cFreeman Tilden ; edited by R. Bruce Craig ; foreword by Russell E. Dickenson.
250 _a4th ed., expanded and updated
264 _aU.S.A. :
_bThe University of North Carolina Press,
_c2008
300 _ax, 212 p. :
_bill. ;
500 _aIncludes index
650 0 _aNational parks and reserves
_xInterpretive programs
650 0 _aHistoric sites
_xInterpretive programs
700 1 _aCraig, R. Bruce
_eeditor
942 _2lcc
_cBK
_e4th ed.
_h482
_iTIL
_kSB